European Country Letter Count Quiz Stats

 Plays Quiz Updated Jul 13, 2016

Challenge
Share
Tweet
Embed
Score 0/9 Timer 02:00
7 Plays Today
# of Letters Name a Country... % Correct
6 LettersCyprus, France...
99.2%
7 LettersAlbania, Andorra…
98.8%
5 LettersItaly, Malta…
97.8%
13 LettersLiechtenstein, United Kingdom…
88.7%
8 LettersBulgaria, Portugal...
85.3%
11 LettersNetherlands, Switzerland…
83.3%
9 LettersLithuania, Macedonia…
76.4%
10 LettersLuxembourg, Montenegro
73.6%
20 LettersBosnia and Herzegovina
69.9%

You're not logged in!

Compare scores with friends on all Sporcle quizzes.
Join for Free
OR
Log In

You Might Also Like...

Show Comments

Extras

Top Quizzes Today


Score Distribution

Your Account Isn't Verified!

In order to create a playlist on Sporcle, you need to verify the email address you used during registration. Go to your Sporcle Settings to finish the process.

Report this User

Report this user for behavior that violates our Community Guidelines.

Details: